| 000 | 00694nam a2200181 a 4500 | ||
|---|---|---|---|
| 001 | 000035844 | ||
| 005 | 20200930074647.0 | ||
| 008 | 111115s1947 dr 000 0 spa d | ||
| 040 |
_aDO-SdBNP _bspa _cBNPHU |
||
| 100 | 1 |
_aCarnegie, Dale _961799 |
|
| 240 | 1 | 0 |
_aPublic speaking influencing men in business _linglés |
| 245 | 1 | 0 |
_aCómo hablar bien en público e influir en los hombres de negocios / _cDale Carnegie ; traducción y adaptación Jorge Ciancaglini. |
| 260 |
_aBuenos Aires : _bEdiciones Cosmos, _c1947. |
||
| 300 |
_a412 p. ; _c23 cm. |
||
| 590 | _aPerteneció a la biblioteca personal de Juan Isidro Jimenes Grullón. | ||
| 700 | 1 |
_aCiancaglini, Jorge _etr. _961820 |
|
| 049 | _aBNPD | ||
| 999 |
_c35335 _d35335 |
||